| 000 -CABECERA |
| Longitud fija campo de control |
00749nas a22002417a 4500 |
| 001 - NÚMERO DE CONTROL |
| Número de control |
458 |
| 003 - IDENTIFICADOR DEL NÚMERO DE CONTROL |
| Identificador del número de control |
OSt |
| 005 - FECHA Y HORA DE LA ÚLTIMA TRANSACCIÓN |
| Fecha y hora de la última transacción |
20220118154747.0 |
| 008 - CÓDIGOS DE INFORMACIÓN DE LONGITUD FIJA |
| Códigos de información de longitud fija |
130130d20002008sp ||||||||||||cat||||||d |
| 024 ## - OTROS IDENTIFICADORES NORMALIZADOS |
| Número normalizado o código |
DL B 16110-1999 |
| 040 ## - FUENTE DE LA CATALOGACIÓN |
| Centro catalogador de origen |
CDMR |
| Lengua de catalogación |
cat |
| Centro transcriptor |
CPC GIRONA |
| 245 10 - MENCIÓN DE TÍTULO |
| Título |
Comunicació 21 |
| 260 ## - PUBLICACIÓN, DISTRIBUCIÓN, ETC. (PIE DE IMPRENTA) |
| Lugar de publicación, distribución, etc. |
Barcelona: |
| Nombre del editor, distribuidor, etc. |
Barcelona Planning, |
| Fecha de publicación, distribución, etc. |
2000- |
| 310 ## - PERIODICIDAD ACTUAL |
| Periodicidad actual |
Irregular |
| 362 ## - FECHAS DE PUBLICACIÓN Y/O DESIGNACIÓN SECUENCIAL |
| Fecha de publicación y/o designación secuencial |
Any 1, núm. 1 (nov./des. 2000) - |
| 650 20 - PUNTO DE ACCESO ADICIONAL DE MATERIA - TÉRMINO DE MATERIA |
| 9 (RLIN) |
195 |
| Término de materia o nombre geográfico como elemento inicial |
Premsa |
| Subdivisión geográfica |
Catalunya |
| Subdivisión de forma |
Revistes |
| 650 04 - PUNTO DE ACCESO ADICIONAL DE MATERIA - TÉRMINO DE MATERIA |
| 9 (RLIN) |
3127 |
| Término de materia o nombre geográfico como elemento inicial |
Televisió |
| Subdivisión geográfica |
Catalunya |
| Subdivisión de forma |
Revistes |
| 650 04 - PUNTO DE ACCESO ADICIONAL DE MATERIA - TÉRMINO DE MATERIA |
| 9 (RLIN) |
3105 |
| Término de materia o nombre geográfico como elemento inicial |
Radiodifusió |
| Subdivisión geográfica |
Catalunya |
| Subdivisión de forma |
Revistes |
| 650 04 - PUNTO DE ACCESO ADICIONAL DE MATERIA - TÉRMINO DE MATERIA |
| 9 (RLIN) |
1465 |
| Término de materia o nombre geográfico como elemento inicial |
Empresa informativa |
| Subdivisión geográfica |
Catalunya |
| Subdivisión de forma |
Revistes |
| 740 0# - PUNTO DE ACCESO ADICIONAL - TÍTULO RELACIONADO O ANALÍTICO NO CONTROLADO |
| Título relacionado o analítico no controlado |
Mass Media 21 |
| 856 40 - LOCALIZACIÓN Y ACCESO ELECTRÓNICO |
| Identificador Uniforme del Recurso (URI) |
<a href="http://comunicacio21.cat/revista">http://comunicacio21.cat/revista</a> |
| Texto del enlace |
Accés lliure 2014 - |
| 942 ## - ENTRADA DE ELEMENTOS AGREGADOS (KOHA) |
| Koha [por defecto] tipo de item |
Publicacions periòdiques |
| Fuente de clasificaión o esquema |
|